000 00859nas a2200277 4500
001 BR0808451
003 BR-BrBNA
005 20231205112906.0
007 ta
008 230509b bl.|||p| |||| 00| 00por d
040 _aBR-BrBNA
_bpor
_cBiblioteca Nacional de Agricultura
041 _a(En)
072 _aL73
100 1 _aCaziro, F.A.
100 1 _aCoelho, F.M.
100 1 _aOliveira, M.E.
100 1 _aResende, M.
245 1 _aPhylogenetic analysis of feline immunodeficiency virus strains from state of Minas Gerais, Brazil
650 _aGATO
650 _aMAMÍFERO DOMÉSTICO
650 _aVIRUS
650 _aIMUNOLOGIA
773 0 _tArquivo Brasileiro de Medicina Veterinária e Zootecnia (Brazil)
_xISSN 0102-0935
_g(Dec 2006), v. 58(6) p. 1222-1225
_wBR0808451
909 _a202311
_bLúcia
_c55
_dLúcia Elande
942 _2AGRIS
_n0
_cANA
999 _c200632
_d200632